G1大穴馬ランキング - Statistics

General Stats
  • This quiz has been taken 8 times
  • The average score is 6 of 10
Answer Stats
配当 レース 優勝馬 % Correct
272.1倍 2014年フェブラリーステークス コパノリッキー
83%
208.6倍 2024年ヴィクトリアマイル テンハッピーローズ
83%
430.6倍 1989年エリザベス女王杯 サンドピアリス
67%
257.5倍 2000年スプリンターズステークス ダイタクヤマト
67%
159.6倍 2012年天皇賞(春) ビートブラック
67%
137.9倍 1991年有馬記念 ダイユウサク
67%
93.1倍 2019年日本ダービー ロジャーバローズ
67%
77.1倍 2009年エリザベス女王杯 クイーンスプマンテ
50%
115.9倍 2002年皐月賞 ノーリーズン
33%
91.3倍 1992年エリザベス女王杯 タケノベルベット
17%
No matching quizzes found
Score Distribution
Percent of People with Each Score
Percentile by Number Answered
Your Score History
You have not taken this quiz